| 000 | 00524nam a22001457a 4500 | ||
|---|---|---|---|
| 003 | 0 | ||
| 005 | 20221128095230.0 | ||
| 008 | 221128b xxu||||| |||| 00| 0 eng d | ||
| 050 |
_aTJ163.5 _b.Sa23 2020 |
||
| 245 |
_aGreen computing awareness and challenges: a case of a Philippine public higher education institution _cMark Anthony P. Sabili |
||
| 260 |
_aLas Pinas City, Philippines _bSouthville International School and Colleges _cC2020 |
||
| 300 |
_aix,79pp. _c28cm. _fTheses |
||
| 500 | _aGreen computing. | ||
| 942 |
_2lcc _cTH |
||
| 999 |
_c364908 _d364908 |
||